00831nam a22002657a 4500003000500000005001700005008004100022010000900063011000900072035000900081040000900090082002100099111012400120245002900244260003900273300001100312490003400323500001100357650003700368650002400405650001400429700002100443710006700464830003400531CHAP20220817040930.0971013s1991 r 10010 d a2963 a3935 a3136 cCHAP a636.085bR4 198700aReunión sobre Determinación de Carencias y Suplementación Mineral de Bovinos (d1987c: Campo Grande, MS, Brasil) aSuplementación mineral aMontevideo, Uruguay :bIICA,c1991 a134 p. aDiálogo/IICA-PROCISURv; 30 aD48-2014aMinerales en nutrición animal.14aNutrición animal.14aPastoreo.0 aPuignau, Juan P.0 aInstituto Interamericano de Cooperación para la Agricultura.0 aDiálogo/IICA-PROCISURv; 30